| LEADER 01174nam 2200277 a 4500 |
| 001 13399121605 |
| 003 ULIBM |
| 008 030417s2004 caua sb 001 0 eng |
| 050 4 ^aNA9256.6.น2^bอ45 2538 |
| 100 0 ^aอภิชาติ วงศ์แก้ว. |
| 245 ^aการศึกษาผลกระทบ ข้อเสนอแนะด้านผังเมืองและสภาพแวดล้อม กรณีการสร้างถนนพุทธบูชา จังหวัดนครปฐม /^cอภิชาติ วงศ์แก้ว. |
| 260 ^aกรุงเทพฯ :^bมหาจุฬาลงกรณ์ราชวิทยาลัย,^c2538 |
| 300 ^a130 หน้า :^bภาพประกอบ (ภาพสีบางภาพ), แปลน ;^c 29 ซม. |
| 650 7 ^aผังเมือง^zไทย^zนครปฐม^xปัญหาและข้อพิพาท. |
| 650 7 ^aพระปฐมเจดีย์ (นครปฐม)^xปัญหาและข้อพิพาท. |
| 650 7 ^aถนนพุทธบูชา (นครปฐม)^xการบำรุงรักษาและการซ่อมแซม. |
| 650 7 ^aถนนพุทธบูชา (นครปฐม)^xแง่สิ่งแวดล้อม. |
| 913 ^aImported by ULIBM Administrator |
| 949 ^aImport form external file by ULIBM system |